Making media : Foundations of sound and image production

Making Media takes the media production process and deconstructs it into its most basic components. Students will learn the basic concepts of media production: frame, sound, light, time, motion, sequencing, etc., and be able to apply them to any medium they choose. They will also become well grounde...

Full beskrivning

Sparad:
Bibliografiska uppgifter
Huvudupphovsman: Roberts-Breslin, Jan
Materialtyp: Bok
Språk:Undetermined
Publicerad: Boston Focal Press 2003
Ämnen:
Taggar: Lägg till en tagg
Inga taggar, Lägg till första taggen!
Thư viện lưu trữ: Trung tâm Học liệu Trường Đại học Cần Thơ
LEADER 01640nam a2200229Ia 4500
001 CTU_213148
008 210402s9999 xx 000 0 und d
082 |a 006.7 
082 |b R645/CD 
100 |a Roberts-Breslin, Jan 
245 0 |a Making media : 
245 0 |b Foundations of sound and image production 
245 0 |c Jan Roberts-Breslin ; Photography by Jan Roberts-Breslin ; Illustrations by Daniel Breslin 
260 |a Boston 
260 |b Focal Press 
260 |c 2003 
520 |a Making Media takes the media production process and deconstructs it into its most basic components. Students will learn the basic concepts of media production: frame, sound, light, time, motion, sequencing, etc., and be able to apply them to any medium they choose. They will also become well grounded in the digital work environment and the tools required to produce media in the digital age. A CD-ROM, compatible with both Macs and PCs, will provide interactive exercises for each chapter, allowing students to explore the process of media production. The text is heavily illustrated and complete with sidebar discussions of pertinent issues. Focusing on the building blocks that transcend the boundaries between film, television, multimedia, and the Internet, this highly illustrated and interactive text stresses the commonalities of various types of media and prepares the student to succeed within a wide range of disciplines. 
650 |a Multimedia systems,Sound 
650 |x Recording and reproducing 
904 |i Qhieu 
910 |a Sách kèm CD số: AV.003668 
980 |a Trung tâm Học liệu Trường Đại học Cần Thơ